Pour un monde habitable : 2. La Terre-sol, le Monde émergent II (notice n° 1567549)
[ vue normale ]
| 000 -LEADER | |
|---|---|
| fixed length control field | 01386cam a2200133 4500500 |
| 005 - DATE AND TIME OF LATEST TRANSACTION | |
| control field | 20251214002852.0 |
| 041 ## - LANGUAGE CODE | |
| Language code of text/sound track or separate title | fre |
| 042 ## - AUTHENTICATION CODE | |
| Authentication code | dc |
| 100 10 - MAIN ENTRY--PERSONAL NAME | |
| Personal name | Zarka, Yves Charles |
| Relator term | author |
| 245 00 - TITLE STATEMENT | |
| Title | Pour un monde habitable : 2. La Terre-sol, le Monde émergent II |
| 260 ## - PUBLICATION, DISTRIBUTION, ETC. | |
| Name of publisher, distributor, etc. | Armand Colin,<br/> |
| Date of publication, distribution, etc. | 2014.<br/> |
| 520 ## - SUMMARY, ETC. | |
| Summary, etc. | La Terre-Sol est le monde habitable. Comme telle, elle est la condition d’existence de l’humanité: depuis les simples besoins vitaux, jusqu’aux plus hautes fonctions de la pensée en passant par l’imagination, le rêve, etc. Inversement, la Terre n’est pas un simple lieu indifférent ou une réalité physico-chimique sans mémoire. Elle porte en elle les archives vivantes de l’histoire humaine et de tous les êtres vivants.La corrélation entre l’homme et la Terre est fondamentale. La vie et le devenir de la Terre, trop souvent occultés par le voile de la surexploitation, nous concernent, nous, les hommes. Notre présent et notre avenir dépendent d’elle, car sa dégradation entraîne la nôtre. Nous sommes devenus des acteurs majeurs des transformations considérables – les changements globaux – qui l’affectent. Il nous appartient de prendre la mesure de ce que nous faisons ou défaisons afin d’adopter une autre voie. |
| 856 41 - ELECTRONIC LOCATION AND ACCESS | |
| Uniform Resource Identifier | <a href="https://shs.cairn.info/le-monde-emergent--9782200248031?lang=fr&redirect-ssocas=7080">https://shs.cairn.info/le-monde-emergent--9782200248031?lang=fr&redirect-ssocas=7080</a> |
Pas d'exemplaire disponible.




Réseaux sociaux